[Event "53rd World U20 ch"]
[Site "Pune IND"]
[Date "2014.10.09"]
[Round "4.12"]
[White "Nasanjargal, Urtnasan"]
[Black "Bok, Benjamin"]
[Result "0-1"]
[WhiteElo "2330"]
[BlackElo "2591"]
[EventDate "2014.10.06"]
[PlyCount "118"]

1.Nf3 Nf6 2.g3 b6 3.Bg2 Bb7 4.O-O c5 5.c4 g6 6.Nc3 Bg7 7.d4 cxd4 8.Nxd4 
Bxg2 9.Kxg2 O-O 10.e4 Qc7 11.Qe2 Nc6 12.Nxc6 Qxc6 13.Bd2 Qb7 14.Rac1 a6 
15.f3 d6 16.Rc2 b5 17.cxb5 axb5 18.Qxb5 Qxb5 19.Nxb5 Rxa2 20.Rfc1 h6 21.b4
Rfa8 22.Kf1 g5 23.g4 d5 24.Nc3 Rxc2 25.Rxc2 dxe4 26.Nxe4 Nxe4 27.fxe4 Be5 
28.Be3 Ra1+ 29.Kg2 Rb1 30.Bc5 e6 31.Be7 Kg7 32.Bc5 Kg6 33.Be7 Rb3 34.Bc5 
h5 35.gxh5+ Kxh5 36.Rf2 f6 37.Rf3 Rb1 38.h3 g4 39.hxg4+ Kxg4 40.Be7 Bd4 
41.Rd3 Rb2+ 42.Kf1 Be5 43.Ra3 Kf4 44.Ra6 Kf3 45.Ke1 Bf4 46.Ra3+ Be3 47.Rd3
Rb1+ 48.Rd1 Rxd1+ 49.Kxd1 Bd4 50.e5 Bxe5 51.b5 Ke4 52.Bd8 Kd5 53.Kc2 Kc5 
54.b6 Kc6 55.Kb3 f5 56.Kb4 Bd4 57.Ka5 f4 58.Ka6 f3 59.b7 f2 0-1

[Event "53rd World U20 ch"]
[Site "Pune IND"]
[Date "2014.10.09"]
[Round "4.13"]
[White "Oparin, Grigory"]
[Black "Kozganbay, Erkin"]
[Result "1-0"]
[WhiteElo "2552"]
[BlackElo "2328"]
[EventDate "2014.10.06"]
[PlyCount "71"]

1.e4 e5 2.Nf3 Nc6 3.Bb5 a6 4.Ba4 Nge7 5.O-O g6 6.c3 Bg7 7.d4 exd4 8.cxd4 
b5 9.Bb3 O-O 10.Nc3 d6 11.Nd5 h6 12.Nxe7+ Qxe7 13.Bd5 Bd7 14.Be3 Rac8 15.
Qd2 Kh7 16.Rfe1 Nd8 17.h3 c6 18.Bb3 Nb7 19.a4 Ra8 20.Bf4 Qd8 21.e5 d5 22.
Bc2 Qe7 23.b4 a5 24.axb5 axb4 25.bxc6 Bxc6 26.Rab1 Ra2 27.Rec1 Rfa8 28.
Qxb4 Qd7 29.Nh2 Na5 30.Ng4 Nc4 31.Bb3 R2a3 32.Bxh6 Qf5 33.Bxg7 Kxg7 34.Qc5
R8a6 35.Bxc4 dxc4 36.Rb8 1-0

[Event "53rd World U20 ch"]
[Site "Pune IND"]
[Date "2014.10.09"]
[Round "4.14"]
[White "Abasov, Nijat"]
[Black "Koksal, Ege"]
[Result "1/2-1/2"]
[WhiteElo "2528"]
[BlackElo "2321"]
[EventDate "2014.10.06"]
[PlyCount "93"]

1.d4 d5 2.Nf3 Nf6 3.c4 c6 4.e3 Bf5 5.Nc3 e6 6.Nh4 Bg4 7.Qb3 Qb6 8.h3 Bh5 
9.g4 Bg6 10.Bd2 Nbd7 11.Nxg6 hxg6 12.Bg2 Be7 13.g5 Ng8 14.h4 Qxb3 15.axb3 
Bb4 16.Ke2 Bxc3 17.bxc3 Ne7 18.cxd5 exd5 19.c4 Nb6 20.Ba5 Kd7 21.Bh3+ Nf5 
22.Bxb6 axb6 23.Rxa8 Rxa8 24.Bxf5+ gxf5 25.h5 Ke6 26.h6 g6 27.h7 Rh8 28.
Kd3 c5 29.f3 Kd6 30.Kc3 Kc6 31.Rh4 Kd6 32.Kd3 Ke6 33.Rh2 Kd6 34.Rh3 Ke6 
35.Rh1 Kd6 36.e4 dxe4+ 37.fxe4 fxe4+ 38.Kxe4 cxd4 39.Kxd4 Ke6 40.b4 f6 41.
gxf6 Kxf6 42.b5 Kg7 43.Re1 Kf6 44.Rh1 Kg7 45.Re1 Kf6 46.Rh1 Kg7 47.Ke4 
1/2-1/2

[Event "53rd World U20 ch"]
[Site "Pune IND"]
[Date "2014.10.09"]
[Round "4.15"]
[White "Ghosh, Diptayan"]
[Black "Beradze, Irakli"]
[Result "1/2-1/2"]
[WhiteElo "2508"]
[BlackElo "2318"]
[EventDate "2014.10.06"]
[PlyCount "155"]

1.d4 Nf6 2.c4 g6 3.g3 Bg7 4.Bg2 c6 5.Nf3 d5 6.O-O O-O 7.Qa4 Bf5 8.Nc3 Nbd7
9.cxd5 cxd5 10.Qb3 Nb6 11.Bf4 Ne4 12.a4 h6 13.Ne5 g5 14.Be3 Nxc3 15.bxc3 
e6 16.a5 Nd7 17.a6 b6 18.Nc6 Qe8 19.c4 Nf6 20.cxd5 Nxd5 21.Rac1 Qd7 22.
Bxd5 exd5 23.Qxd5 Qxd5 24.Ne7+ Kh8 25.Nxd5 Rad8 26.Ne7 Bg4 27.Nc6 Rd6 28.
f3 Bc8 29.Bd2 Re8 30.Bb4 Rd7 31.e4 Bxa6 32.Rfe1 g4 33.fxg4 Bb5 34.d5 a5 
35.Ba3 Bd3 36.Re3 Bb5 37.Rb3 Ba4 38.Rxb6 Rxe4 39.d6 Re2 40.Bc5 Rb2 41.Rxb2
Bxb2 42.Rb1 Bxc6 43.Rxb2 Kg7 44.Rb6 Bb7 45.Kf2 Kf6 46.Ke3 Kg5 47.Rb5 Kxg4 
48.Rxa5 Kf5 49.Bb6+ Kg6 50.Bc7 h5 51.Kf4 f6 52.Rb5 Bg2 53.Rb8 Bh3 54.Ke4 
Bg4 55.Kd5 Kg7 56.Rb4 Kf8 57.Kc6 Be6 58.Rb8+ Kf7 59.Rh8 Bg4 60.Rb8 Ke6 61.
Re8+ Kf7 62.Re3 Be6 63.Re4 Bf5 64.Rf4 Be6 65.Bb6 Kg6 66.Re4 Kf7 67.Bd4 Rd8
68.Rf4 Rc8+ 69.Kb7 f5 70.Bb6 Rc2 71.Rf2 Rxf2 72.Bxf2 Ke8 73.Kc6 Bd7+ 74.
Kd5 Kf7 75.Bd4 Kg6 76.Ke5 Bc8 77.Bb6 Bd7 78.Bd8 1/2-1/2

[Event "53rd World U20 ch"]
[Site "Pune IND"]
[Date "2014.10.09"]
[Round "4.16"]
[White "Blazeka, Matej"]
[Black "Karthikeyan, Murali"]
[Result "1/2-1/2"]
[WhiteElo "2311"]
[BlackElo "2495"]
[EventDate "2014.10.06"]
[PlyCount "67"]

1.e4 c5 2.Nf3 e6 3.c4 a6 4.Nc3 Qc7 5.Be2 Nf6 6.d4 cxd4 7.Nxd4 b6 8.Be3 Bb7
9.f3 d6 10.O-O Be7 11.Qd2 Nbd7 12.Rac1 O-O 13.Rfd1 Rac8 14.a3 Qb8 15.b4 
Rfe8 16.Kh1 Bd8 17.Nb3 d5 18.cxd5 exd5 19.Bf4 Bc7 20.Bxc7 Rxc7 21.exd5 
Nxd5 22.Nxd5 Bxd5 23.Qxd5 Rxe2 24.Qd6 Rxc1 25.Qxb8+ Nxb8 26.Nxc1 Re8 27.
Kg1 f6 28.Rd6 Re1+ 29.Kf2 Rxc1 30.Rd8+ Kf7 31.Rxb8 Ra1 32.Rb7+ Kg6 33.Rxb6
Rxa3 34.b5 1/2-1/2

[Event "53rd World U20 ch"]
[Site "Pune IND"]
[Date "2014.10.09"]
[Round "4.17"]
[White "Bajarani, Ulvi"]
[Black "Kumaran, Balaji"]
[Result "1/2-1/2"]
[WhiteElo "2496"]
[BlackElo "2239"]
[EventDate "2014.10.06"]
[PlyCount "56"]

1.e4 c5 2.Nf3 Nc6 3.Nc3 Nf6 4.Bb5 d6 5.O-O Bd7 6.Re1 e6 7.d4 cxd4 8.Nxd4 
Be7 9.Bxc6 Bxc6 10.Qd3 O-O 11.Bg5 Qa5 12.Bh4 Rfd8 13.Rad1 Rac8 14.h3 a6 
15.Re2 b5 16.a3 Bb7 17.Red2 Qc7 18.Bg3 Qb6 19.Nb3 Rxc3 20.Qxc3 Nxe4 21.Qa5
Qc6 22.Nd4 Qd5 23.Rd3 Nc5 24.Rf3 e5 25.Qe1 Qe4 26.Qa5 Qd5 27.Qe1 Qe4 28.
Qa5 Qd5 1/2-1/2

[Event "53rd World U20 ch"]
[Site "Pune IND"]
[Date "2014.10.09"]
[Round "4.18"]
[White "Ducarmon, Quinten"]
[Black "Harsha, Bharathakoti"]
[Result "1/2-1/2"]
[WhiteElo "2487"]
[BlackElo "2296"]
[EventDate "2014.10.06"]
[PlyCount "73"]

1.e4 e6 2.d4 d5 3.Nd2 Nf6 4.e5 Nfd7 5.Bd3 c5 6.c3 Nc6 7.Ngf3 g6 8.h4 h6 9.
Qe2 Bg7 10.Nf1 O-O 11.Ne3 h5 12.b3 a6 13.Nc2 b5 14.Bg5 Qb6 15.Qe3 b4 16.
Bh6 bxc3 17.Bxg7 Kxg7 18.O-O a5 19.Rfe1 a4 20.dxc5 Qxc5 21.Ncd4 Nxd4 22.
Nxd4 Qe7 23.g3 axb3 24.axb3 Bb7 25.Rac1 Qb4 26.Qf4 Qb6 27.Rxc3 Rfc8 28.
Rxc8 Rxc8 29.Nb5 Ba6 30.Nd6 Rf8 31.Bxa6 Qxa6 32.b4 Qa3 33.Kg2 Qb2 34.Re3 
f6 35.exf6+ Qxf6 36.Qxf6+ Kxf6 37.Nb5 1/2-1/2

[Event "53rd World U20 ch"]
[Site "Pune IND"]
[Date "2014.10.09"]
[Round "4.19"]
[White "Kantans, Toms"]
[Black "Gahan, M. G."]
[Result "1-0"]
[WhiteElo "2485"]
[BlackElo "2252"]
[EventDate "2014.10.06"]
[PlyCount "109"]

1.e4 c5 2.Nf3 e6 3.d4 cxd4 4.Nxd4 a6 5.c4 Nf6 6.Nc3 Qc7 7.a3 b6 8.Be3 d6 
9.Rc1 Bb7 10.f3 Nbd7 11.Be2 Be7 12.O-O O-O 13.b4 Rac8 14.Kh1 Rfe8 15.Bg1 
Qb8 16.Qb3 Bd8 17.Rc2 Qa8 18.Na4 Ne5 19.Rd1 Nxe4 20.fxe4 Bxe4 21.Bf1 Bxc2 
22.Nxc2 Qc6 23.Nd4 Qc7 24.Nxb6 Qxb6 25.Nf5 Qb8 26.Nxd6 Bc7 27.Nxe8 Rxe8 
28.c5 Ng4 29.h3 Nf6 30.Qf3 e5 31.Bc4 e4 32.Qb3 Re7 33.Be3 h6 34.Bxa6 Nh5 
35.Qd5 Ng3+ 36.Kg1 Qa7 37.Qb7 Ne2+ 38.Kf1 Ng3+ 39.Ke1 Qxb7 40.Bxb7 Nf5 41.
Ke2 g5 42.Bd5 Nxe3 43.Kxe3 Bf4+ 44.Ke2 Ra7 45.Ra1 Rd7 46.Bxe4 Rd2+ 47.Kf3 
Be5 48.Re1 Bd4 49.Re2 Rd1 50.Bc2 Ra1 51.Ke4 Bc3 52.c6 Rxa3 53.c7 Ra8 54.
Kd5 Bxb4 55.Bf5 1-0

[Event "53rd World U20 ch"]
[Site "Pune IND"]
[Date "2014.10.09"]
[Round "4.20"]
[White "Visakh, N. R."]
[Black "Das, Sayantan"]
[Result "1/2-1/2"]
[WhiteElo "2300"]
[BlackElo "2456"]
[EventDate "2014.10.06"]
[PlyCount "135"]

1.d4 d5 2.Nf3 Nf6 3.c4 c6 4.e3 Bf5 5.Bd3 Bxd3 6.Qxd3 e6 7.O-O Nbd7 8.Nbd2 
c5 9.b3 cxd4 10.exd4 dxc4 11.bxc4 Be7 12.Rb1 O-O 13.Ba3 Bxa3 14.Qxa3 Qc7 
15.Rfc1 Rfd8 16.c5 b6 17.c6 Nf8 18.Nc4 Qxc6 19.Nxb6 axb6 20.Qxf8+ Kxf8 21.
Rxc6 Nd5 22.Rb2 Ra4 23.g3 Rda8 24.Ne5 Ke7 25.Nc4 Kd7 26.Ne5+ Ke8 27.Nc4 
Ne7 28.Nd6+ Kd7 29.Rcxb6 Nd5 30.Nxf7 Nxb6 31.Rxb6 R4a6 32.Rb7+ Kc6 33.Re7 
R8a7 34.Rxe6+ Kd5 35.Rxa6 Rxa6 36.h4 h6 37.Ne5 Kxd4 38.Nf3+ Ke4 39.Nd2+ 
Kf5 40.Kg2 Rxa2 41.Nf3 Ke4 42.Nh2 Ra3 43.Ng4 Kd3 44.Ne3 Ra7 45.Nd5 Rf7 46.
Nf4+ Kd2 47.Nh3 Ke1 48.Kg1 Rf5 49.Kg2 Rf6 50.Kg1 Rf7 51.Kg2 Rf5 52.Kg1 Rd5
53.Kg2 g6 54.Kg1 Rf5 55.Kg2 Ra5 56.Kg1 g5 57.hxg5 hxg5 58.g4 Ke2 59.Kg2 
Ke1 60.Kg1 Ra4 61.f3 Ra5 62.Kg2 Rc5 63.f4 Rc2+ 64.Kf3 Rc3+ 65.Ke4 gxf4 66.
Nxf4 Rg3 67.Kf5 Rxg4 68.Kxg4 1/2-1/2

[Event "53rd World U20 ch"]
[Site "Pune IND"]
[Date "2014.10.09"]
[Round "4.21"]
[White "Kriebel, Tadeas"]
[Black "Ritviz, Parab"]
[Result "1-0"]
[WhiteElo "2428"]
[BlackElo "2205"]
[EventDate "2014.10.06"]
[PlyCount "83"]

1.e4 e5 2.Nf3 Nc6 3.Bb5 a6 4.Ba4 Nf6 5.O-O Be7 6.Bxc6 dxc6 7.d3 Bd6 8.Nbd2
c5 9.Nc4 Qe7 10.b3 b5 11.Ne3 Be6 12.Bb2 Nd7 13.g3 O-O 14.Nh4 g6 15.Nhf5 
Bxf5 16.exf5 Rfe8 17.Re1 Qd8 18.Qf3 Bf8 19.Ng4 Bg7 20.Re4 Qg5 21.Ne3 Nb6 
22.Re1 Rad8 23.h4 Qf6 24.h5 Nc8 25.hxg6 hxg6 26.Qg4 Nd6 27.Rf4 g5 28.Rf3 
c6 29.Qh5 Qe7 30.Ng4 f6 31.Qg6 Nf7 32.Bxe5 Nxe5 33.Rxe5 Qxe5 34.Nxe5 Rxe5 
35.Re3 Rdd5 36.Qh5 b4 37.Qf3 Rxf5 38.Re8+ Bf8 39.Qe4 Kg7 40.f4 gxf4 41.
gxf4 Rh5 42.Qe6 1-0

[Event "53rd World U20 ch"]
[Site "Pune IND"]
[Date "2014.10.09"]
[Round "4.22"]
[White "Navalgund, Niranjan"]
[Black "Ben Artzi, Ido"]
[Result "1-0"]
[WhiteElo "2267"]
[BlackElo "2423"]
[EventDate "2014.10.06"]
[PlyCount "71"]

1.d4 Nf6 2.c4 g6 3.g3 Bg7 4.Bg2 d5 5.cxd5 Nxd5 6.e4 Nb6 7.Ne2 c5 8.d5 O-O 
9.O-O e6 10.Nec3 Na6 11.a4 Nb4 12.Be3 Na6 13.Na3 exd5 14.exd5 Bd7 15.a5 
Nc8 16.Nc4 Bxc3 17.bxc3 Bb5 18.Qb3 Bxc4 19.Qxc4 Nd6 20.Qa4 Qf6 21.Qf4 Qd8 
22.Rfe1 Re8 23.Bd2 Qd7 24.c4 Rxe1+ 25.Rxe1 Re8 26.Rxe8+ Nxe8 27.Bc3 Nac7 
28.h4 Kf8 29.Be5 b6 30.axb6 axb6 31.h5 b5 32.hxg6 hxg6 33.d6 g5 34.Qxg5 f6
35.Qh6+ Kg8 36.dxc7 1-0

[Event "53rd World U20 ch"]
[Site "Pune IND"]
[Date "2014.10.09"]
[Round "4.23"]
[White "Gagare, Shardul"]
[Black "Nihal, Sarin"]
[Result "1-0"]
[WhiteElo "2419"]
[BlackElo "2018"]
[EventDate "2014.10.06"]
[PlyCount "49"]

1.c4 c5 2.g3 g6 3.Bg2 Bg7 4.Nc3 Nc6 5.a3 e6 6.Nf3 Nge7 7.O-O O-O 8.d3 d5 
9.Bg5 b6 10.Rb1 Bb7 11.Qc1 Rc8 12.b4 cxb4 13.axb4 dxc4 14.dxc4 Ne5 15.Rd1 
Qe8 16.Nxe5 Bxg2 17.Nd7 Rxc4 18.Kxg2 Rxc3 19.Qd2 Rc8 20.Nxf8 Bxf8 21.Bxe7 
Qxe7 22.Qd7 Qxd7 23.Rxd7 a6 24.Ra7 Rc4 25.Rxa6 1-0

[Event "53rd World U20 ch"]
[Site "Pune IND"]
[Date "2014.10.09"]
[Round "4.24"]
[White "Csonka, Balazs"]
[Black "Sai Vishwesh, Chandrakaladaran"]
[Result "1/2-1/2"]
[WhiteElo "2412"]
[BlackElo "2151"]
[EventDate "2014.10.06"]
[PlyCount "61"]

1.d4 Nf6 2.c4 c5 3.d5 b5 4.cxb5 a6 5.f3 axb5 6.e4 d6 7.Bxb5+ Bd7 8.Bc4 g6 
9.Ne2 Bg7 10.O-O O-O 11.Nbc3 Bc8 12.a4 Ba6 13.Nb5 Nbd7 14.Rb1 Ne5 15.b3 
Nfd7 16.Qc2 Nb6 17.Bb2 Nexc4 18.bxc4 Bxb2 19.Rxb2 Nd7 20.Ra1 Qa5 21.Qc3 
Qxc3 22.Nexc3 Ne5 23.Na3 Nxc4 24.Nxc4 Bxc4 25.Rb7 Rfe8 26.Rab1 Kf8 27.h4 
Ba6 28.R7b6 Bc8 29.Ra1 Ba6 30.Rab1 Bc8 31.Ra1 1/2-1/2

[Event "53rd World U20 ch"]
[Site "Pune IND"]
[Date "2014.10.09"]
[Round "4.25"]
[White "Siva, Mahadevan"]
[Black "Bai Jinshi"]
[Result "0-1"]
[WhiteElo "2141"]
[BlackElo "2406"]
[EventDate "2014.10.06"]
[PlyCount "120"]

1.d4 Nf6 2.Nf3 g6 3.Nc3 d5 4.Bf4 Bg7 5.e3 O-O 6.Be2 b6 7.Ne5 c5 8.h4 Ba6 
9.Bf3 e6 10.h5 Nfd7 11.hxg6 hxg6 12.Ng4 Nc6 13.Nh6+ Bxh6 14.Bxh6 Re8 15.
Qd2 Qf6 16.O-O-O Ne7 17.Rh3 Nf5 18.Bf4 g5 19.Bg3 Kg7 20.e4 Nxd4 21.exd5 
exd5 22.Nxd5 Qf5 23.Ne3 Qe6 24.Bd5 Qg6 25.Bxa8 Rxa8 26.Rdh1 Re8 27.Rh7+ 
Qxh7 28.Rxh7+ Kxh7 29.c3 Ne2+ 30.Kc2 Nf6 31.Qd6 Kg6 32.Ng4 Re6 33.Ne5+ Kf5
34.Qc7 Nxg3 35.Nxf7 Re2+ 36.Kb3 Nge4 37.Qxa7 Bc8 38.Ka3 Be6 39.Nd8 Nxc3 
40.Qxb6 Nb1+ 41.Ka4 Bd7+ 42.Ka5 Nd2 43.Ka6 Re5 44.Ka7 Rd5 45.Nb7 c4 46.Nc5
Nde4 47.Nxd7 Rxd7+ 48.Ka8 Rd6 49.Qb5+ Rd5 50.Qxc4 Ra5+ 51.Kb8 Nd7+ 52.Kc7 
Rc5+ 53.Qxc5+ Ndxc5 54.f3 Nd2 55.Kc6 Nd3 56.a4 Nb3 57.g3 Nxb2 58.Kb5 Nxa4 
59.Kxa4 Nd4 60.f4 g4 0-1

[Event "53rd World U20 ch"]
[Site "Pune IND"]
[Date "2014.10.09"]
[Round "4.26"]
[White "Swain, Ashirwad"]
[Black "Bersamina, Paulo"]
[Result "0-1"]
[WhiteElo "1998"]
[BlackElo "2380"]
[EventDate "2014.10.06"]
[PlyCount "105"]

1.e4 d6 2.d4 Nf6 3.Nc3 c6 4.Nf3 Bg4 5.Be2 e6 6.O-O d5 7.Bg5 Be7 8.e5 Nfd7 
9.Bxe7 Qxe7 10.Ne1 Bxe2 11.Qxe2 a6 12.Nd3 c5 13.dxc5 Nxc5 14.Qg4 O-O 15.
Qb4 Nbd7 16.Na4 Rac8 17.Rfc1 Rfe8 18.Ndxc5 Nxc5 19.Nxc5 Rxc5 20.c3 Qc7 21.
Re1 Rc4 22.Qb3 Rb8 23.Rad1 Qc5 24.Rd3 b5 25.Qc2 b4 26.Rc1 Rc8 27.Qd2 d4 
28.Rd1 bxc3 29.bxc3 dxc3 30.Qe2 g6 31.Qe3 c2 32.Rc1 Qxe3 33.Rxe3 Rb8 34.
Kf1 Rb1 35.Ree1 Rb2 36.Ra1 Rcb4 37.a3 R4b3 38.Rac1 Rxa3 39.Ke2 Ra5 40.Kd2 
Rc5 41.Re3 Kf8 42.g3 g5 43.Re4 Kg7 44.h4 h6 45.h5 Kf8 46.f4 gxf4 47.gxf4 
a5 48.Rd4 Ke7 49.Kd3 Rb3+ 50.Kd2 Rh3 51.Rd3 Rxd3+ 52.Kxd3 Kd7 53.Kd4 0-1

[Event "53rd World U20 ch"]
[Site "Pune IND"]
[Date "2014.10.09"]
[Round "4.27"]
[White "Rindlisbacher, Jan"]
[Black "Indic, Aleksandar"]
[Result "1/2-1/2"]
[WhiteElo "2217"]
[BlackElo "2554"]
[EventDate "2014.10.06"]
[PlyCount "141"]

1.d4 Nf6 2.c4 d6 3.Nc3 Nbd7 4.e4 e5 5.Nf3 Be7 6.Be2 c6 7.O-O O-O 8.h3 Qc7 
9.Be3 a6 10.Qc2 b6 11.Rac1 Re8 12.b4 Bb7 13.Rfd1 Bf8 14.c5 bxc5 15.bxc5 
exd4 16.Bxd4 Nxc5 17.Bxc5 dxc5 18.e5 Nd5 19.Ne4 Bc8 20.Nxc5 Nf4 21.Bd3 
Bxc5 22.Qxc5 Be6 23.Ng5 Bd5 24.Bxh7+ Kh8 25.Rxd5 f6 26.Bg6 Nxg6 27.Qc2 
fxg5 28.Qxg6 Rxe5 29.Rxe5 Qxe5 30.Qxc6 Rd8 31.Qxa6 Rd2 32.Qg6 Rd8 33.Qh5+ 
Kg8 34.h4 Ra8 35.hxg5 Qf4 36.Re1 Rf8 37.Rf1 Qf5 38.Qh4 Qc2 39.a4 Ra8 40.
Ra1 Qc3 41.Rd1 Qc2 42.Qd4 Rxa4 43.Qd8+ Kh7 44.Qd3+ Qxd3 45.Rxd3 Rg4 46.Rd5
Kg6 47.f3 Ra4 48.Kh2 Kh5 49.Kh3 Rh4+ 50.Kg3 Ra4 51.Re5 g6 52.Re4 Ra5 53.
Kh3 Kxg5 54.g4 Kf6 55.f4 Ra3+ 56.Kg2 Rb3 57.Kf2 Ra3 58.Re3 Ra1 59.Rb3 Kf7 
60.Rb7+ Kf6 61.Rb6+ Kf7 62.Kg3 Ra4 63.Rb7+ Kg8 64.Rd7 Rb4 65.Kf3 Ra4 66.
Ke3 g5 67.Rd4 Rxd4 68.Kxd4 gxf4 69.Ke4 Kg7 70.Kxf4 Kg6 71.Ke4 1/2-1/2

[Event "53rd World U20 ch"]
[Site "Pune IND"]
[Date "2014.10.09"]
[Round "4.28"]
[White "Prasanna, Raghuram Rao"]
[Black "Pranav, Shetty"]
[Result "1/2-1/2"]
[WhiteElo "2447"]
[BlackElo "2191"]
[EventDate "2014.10.06"]
[PlyCount "134"]

1.e4 c5 2.Nf3 d6 3.Bb5+ Nd7 4.O-O a6 5.Bd3 Ngf6 6.Re1 e5 7.c3 g6 8.Bc2 Bg7
9.d4 O-O 10.dxe5 Nxe5 11.Nxe5 dxe5 12.Qe2 Be6 13.a4 c4 14.Be3 Rc8 15.h3 
Qc7 16.Nd2 Nd7 17.a5 Rfd8 18.Ra4 Bf8 19.Rd1 Kg7 20.Raa1 Be7 21.Nf3 f6 22.
Nh2 Nc5 23.Rf1 Qc6 24.Ng4 h5 25.Nh2 Kh8 26.Qf3 Nb3 27.Bxb3 cxb3 28.Bb6 Rd7
29.Rfd1 Kg7 30.Rxd7 Qxd7 31.Nf1 Bc5 32.Rd1 Qe7 33.Qd3 Bxb6 34.axb6 Qc5 35.
Ne3 Qxb6 36.Nd5 Qc5 37.Ne3 a5 38.Ra1 b6 39.Rd1 Kf7 40.Qa6 Rc7 41.Rd8 Qe7 
42.Rb8 Ra7 43.Qxb6 Qc7 44.Qb5 Qd7 45.Qc5 Qe7 46.Qb5 Qd7 47.Nd5 Qxb5 48.
Rxb5 a4 49.c4 Bxd5 50.exd5 Ke7 51.Rb6 a3 52.bxa3 Rxa3 53.c5 Ra5 54.Rb7+ 
Kd8 55.Rb8+ Kc7 56.Rxb3 Rxc5 57.Rf3 f5 58.Rg3 Rxd5 59.Rxg6 h4 60.f3 Rd4 
61.Re6 e4 62.fxe4 Rxe4 63.Ra6 Rf4 64.Kh2 Kd7 65.Ra2 Ke7 66.Kg1 Kf6 67.Rf2 
Rc4 1/2-1/2

[Event "53rd World U20 ch"]
[Site "Pune IND"]
[Date "2014.10.09"]
[Round "4.29"]
[White "Chakravarthi Reddy, M."]
[Black "Anurag, Mhamal"]
[Result "0-1"]
[WhiteElo "2217"]
[BlackElo "2442"]
[EventDate "2014.10.06"]
[PlyCount "62"]

1.c4 Nf6 2.Nc3 e5 3.Nf3 Nc6 4.a3 d6 5.d4 exd4 6.Nxd4 Bd7 7.g3 Ne5 8.b3 c5 
9.Nf3 Nxf3+ 10.exf3 Bc6 11.Bg5 Qe7+ 12.Be2 h6 13.Bxf6 Qxf6 14.Rc1 O-O-O 
15.b4 cxb4 16.axb4 d5 17.b5 d4 18.bxc6 dxc3 19.cxb7+ Kb8 20.Qb3 Bc5 21.O-O
Rhe8 22.Bd1 Rd3 23.f4 Qd4 24.Bg4 g6 25.Qb5 Rd8 26.Qb3 f5 27.Bh3 h5 28.Bg2 
h4 29.Kh1 hxg3 30.fxg3 Qh8 31.Rf3 Qxh2+ 0-1

[Event "53rd World U20 ch"]
[Site "Pune IND"]
[Date "2014.10.09"]
[Round "4.30"]
[White "Westerberg, Jonathan"]
[Black "Sahoo, Utkal Ranjan"]
[Result "1-0"]
[WhiteElo "2420"]
[BlackElo "2170"]
[EventDate "2014.10.06"]
[PlyCount "87"]

1.e4 e6 2.d4 d5 3.Nc3 dxe4 4.Nxe4 Nd7 5.Nf3 Ngf6 6.Nxf6+ Nxf6 7.Bd3 c5 8.
dxc5 Bxc5 9.O-O O-O 10.Qe2 Qc7 11.Bg5 Be7 12.Rad1 Rd8 13.Ne5 h6 14.Bh4 b6 
15.Bc4 Bd6 16.Ng4 Be7 17.Bxf6 Bxf6 18.Nxf6+ gxf6 19.Qg4+ Kf8 20.Rxd8+ Qxd8
21.Rd1 Qc7 22.Qf3 Bb7 23.Qxf6 Re8 24.Bb5 Bc6 25.Qxh6+ Ke7 26.Qh4+ Kf8 27.
Qb4+ Kg8 28.Rd3 Bxb5 29.Rg3+ Qxg3 30.hxg3 Bc6 31.Qd6 Rc8 32.c4 b5 33.c5 a5
34.g4 b4 35.b3 Kg7 36.g5 Kg6 37.Qe7 Kg7 38.Qf6+ Kg8 39.g6 Be8 40.Qe7 Kg7 
41.gxf7 Bxf7 42.Qa7 a4 43.Qxa4 Rxc5 44.Qxb4 1-0

[Event "53rd World U20 ch"]
[Site "Pune IND"]
[Date "2014.10.09"]
[Round "4.31"]
[White "Pastar, Slaven"]
[Black "Repka, Christopher"]
[Result "0-1"]
[WhiteElo "2159"]
[BlackElo "2418"]
[EventDate "2014.10.06"]
[PlyCount "76"]

1.e4 e6 2.d4 d5 3.Nd2 Nc6 4.Ngf3 Nf6 5.e5 Nd7 6.c3 f6 7.Bb5 a6 8.Bxc6 bxc6
9.O-O fxe5 10.Nxe5 Nxe5 11.dxe5 Be7 12.Qh5+ g6 13.Qh6 Bf8 14.Qf4 Qd7 15.
Nf3 Qf7 16.Qh4 h6 17.Be3 Be7 18.Qa4 Bd7 19.Qa5 O-O 20.Bxh6 Rfb8 21.b3 c5 
22.Qxc7 Bb5 23.Rfe1 Rc8 24.Qa5 Qf5 25.Qa3 d4 26.cxd4 Bc6 27.Qc1 Bxf3 28.
gxf3 g5 29.Re4 Kh7 30.Bxg5 Bxg5 31.Qd1 Bf4 32.Kf1 cxd4 33.Rxd4 Rc3 34.Re4 
Rg8 35.Ke2 Bg5 36.Qh1 Rd8 37.h4 Bh6 38.Re1 Rxf3 0-1

[Event "53rd World U20 ch"]
[Site "Pune IND"]
[Date "2014.10.09"]
[Round "4.32"]
[White "Yashas, D."]
[Black "Deac, Bogdan-Daniel"]
[Result "1/2-1/2"]
[WhiteElo "2159"]
[BlackElo "2402"]
[EventDate "2014.10.06"]
[PlyCount "109"]

1.b3 b6 2.Bb2 Bb7 3.e3 Nf6 4.d3 g6 5.Nf3 Bg7 6.Be2 O-O 7.O-O c5 8.Nbd2 Qc7
9.c4 Nc6 10.d4 e6 11.Rc1 d6 12.Qc2 h6 13.g3 a5 14.Bc3 e5 15.d5 Ne7 16.e4 
Bc8 17.Nh4 Bh3 18.Rfe1 Qd7 19.Qd3 Nh7 20.f4 g5 21.fxg5 hxg5 22.Nf5 Nxf5 
23.g4 Ne3 24.Qxe3 Bxg4 25.Rf1 Bxe2 26.Qxe2 Qh3 27.Rf3 Qh6 28.Qg2 Nf6 29.
Rf5 g4 30.Re1 Qg6 31.Nf1 Rfe8 32.Bd2 Bh6 33.Bxh6 Qxh6 34.Ne3 Kh8 35.Nf1 
Rg8 36.Ng3 Rg6 37.Ref1 Rf8 38.Qf2 Nh7 39.Rxf7 Rf6 40.Rxf8+ Qxf8 41.Nf5 Qg8
42.Qh4 Qg5 43.Qg3 Rg6 44.Qh4 Rf6 45.Qg3 Kg8 46.Kg2 Kh8 47.Rf2 Qh5 48.Qh4 
Rxf5 49.Qd8+ Rf8 50.Rxf8+ Nxf8 51.Qxf8+ Kh7 52.Qe7+ Kh8 53.Qf8+ Kh7 54.
Qe7+ Kh8 55.Qf8+ 1/2-1/2

[Event "53rd World U20 ch"]
[Site "Pune IND"]
[Date "2014.10.09"]
[Round "4.33"]
[White "Rajdeep, Sarkar"]
[Black "Johansson, Linus"]
[Result "1/2-1/2"]
[WhiteElo "2145"]
[BlackElo "2401"]
[EventDate "2014.10.06"]
[PlyCount "63"]

1.d4 Nf6 2.Nf3 e6 3.c4 c5 4.g3 cxd4 5.Nxd4 Nc6 6.Bg2 Qb6 7.Nb3 Bb4+ 8.Bd2 
O-O 9.O-O d5 10.cxd5 exd5 11.Nc3 Bg4 12.h3 Be6 13.Be3 Qd8 14.Rc1 Qe7 15.a3
Bd6 16.Nb5 Rfe8 17.Nxd6 Qxd6 18.Nd4 Qd7 19.Nxc6 bxc6 20.Kh2 Bf5 21.Bd4 Re6
22.e3 h5 23.Bxf6 Rxf6 24.e4 dxe4 25.Qxd7 Bxd7 26.Bxe4 Re8 27.f3 Bf5 28.
Bxf5 Re2+ 29.Kg1 Rxf5 30.Rf2 Re6 31.Kg2 Rb5 32.Rc3 1/2-1/2

[Event "53rd World U20 ch"]
[Site "Pune IND"]
[Date "2014.10.09"]
[Round "4.34"]
[White "Manigandan, S. S."]
[Black "Vignesh, N. R."]
[Result "1-0"]
[WhiteElo "2099"]
[BlackElo "2360"]
[EventDate "2014.10.06"]
[PlyCount "151"]

1.d4 f5 2.e4 fxe4 3.Nc3 Nf6 4.Bg5 Nc6 5.d5 Ne5 6.Qd4 Nf7 7.Bxf6 exf6 8.
Qxe4+ Be7 9.Nf3 O-O 10.Bd3 Ng5 11.Nxg5 f5 12.Qc4 Bxg5 13.d6+ Kh8 14.dxc7 
Qe7+ 15.Kf1 d5 16.Nxd5 Qf7 17.h4 Bd2 18.Rd1 Ba5 19.Qc5 Be6 20.Qxa5 Bxd5 
21.Be2 Bc4 22.Bd3 b6 23.Qc3 Bxd3+ 24.cxd3 Rac8 25.Rc1 Qxa2 26.Rh3 Rf7 27.
Re3 Qa4 28.Qc4 Qxc4 29.Rxc4 g6 30.h5 gxh5 31.Re5 Rcxc7 32.Rxf5 Rxc4 33.
Rxf7 Rc1+ 34.Ke2 Rc2+ 35.Ke3 a5 36.b4 axb4 37.Rf6 b3 38.Rxb6 Rb2 39.g3 Kg7
40.Kf3 Rb1 41.d4 Kf7 42.d5 Ke7 43.Kf4 Kd7 44.d6 b2 45.Kf5 Kd8 46.Rb7 Kc8 
47.d7+ Kd8 48.Kf6 h4 49.gxh4 Rh1 50.Rxb2 Rxh4 51.Rd2 Rf4+ 52.Kg7 Rh4 53.
Rd6 h5 54.Kg6 Rf4 55.Rd2 h4 56.Kg5 Ra4 57.f4 h3 58.f5 Ra1 59.f6 Rg1+ 60.
Kh6 Rf1 61.Kg7 Rg1+ 62.Kh6 Rf1 63.Kg5 Rg1+ 64.Kf5 Rf1+ 65.Ke6 Re1+ 66.Kf7 
Rf1 67.Rh2 Rf3 68.Kg7 Rg3+ 69.Kf8 Rf3 70.f7 Kxd7 71.Rd2+ Ke6 72.Re2+ Kd7 
73.Re7+ Kd8 74.Re2 Kd7 75.Re7+ Kd6 76.Ke8 1-0

[Event "53rd World U20 ch"]
[Site "Pune IND"]
[Date "2014.10.09"]
[Round "4.35"]
[White "Sidhant, Mohapatra"]
[Black "Yogesh, Gautam"]
[Result "1-0"]
[WhiteElo "2382"]
[BlackElo "2144"]
[EventDate "2014.10.06"]
[PlyCount "55"]

1.Nf3 d5 2.c4 c6 3.e3 Nf6 4.Nc3 e6 5.b3 Bd6 6.d4 Nbd7 7.Bb2 O-O 8.Be2 Ne4 
9.Nxe4 dxe4 10.Nd2 f5 11.Qc2 a5 12.a3 Qe7 13.O-O Bxh2+ 14.Kxh2 Qh4+ 15.Kg1
Rf6 16.f3 Rh6 17.fxe4 Nf6 18.e5 Ng4 19.Bxg4 Qh2+ 20.Kf2 Qh4+ 21.Ke2 Qxg4+ 
22.Kd3 Rh2 23.Rf2 Qg6 24.Nf3 Rh5 25.Re1 b5 26.cxb5 cxb5 27.Qc6 Rb8 28.Qd6 
1-0

[Event "53rd World U20 ch"]
[Site "Pune IND"]
[Date "2014.10.09"]
[Round "4.36"]
[White "Cabarkapa, Novak"]
[Black "Pranavananda, V."]
[Result "1-0"]
[WhiteElo "2379"]
[BlackElo "2136"]
[EventDate "2014.10.06"]
[PlyCount "103"]

1.e4 c5 2.Nc3 a6 3.g4 Nc6 4.d3 d6 5.Bg2 g6 6.g5 h6 7.h4 hxg5 8.hxg5 Rxh1 
9.Bxh1 Bg7 10.Be3 Nd4 11.Nb1 Qb6 12.Bc1 Bg4 13.Qd2 Bd7 14.c3 Nc6 15.Na3 e6
16.Nc4 Qc7 17.Qf4 Ne5 18.Nxe5 Bxe5 19.Qh4 Ne7 20.Qh7 O-O-O 21.Qxf7 Rh8 22.
Bg2 Qd8 23.Qf3 Bh2 24.Ne2 Nc6 25.d4 Rf8 26.Qh3 Rh8 27.Qd3 cxd4 28.cxd4 Kb8
29.Bd2 Qe7 30.O-O-O Nb4 31.Qa3 Bb5 32.Nc3 Nd3+ 33.Kb1 Nxf2 34.Re1 Bd3+ 35.
Ka1 Bg3 36.e5 Rh2 37.Rg1 Nh3 38.Bxh3 Rxh3 39.Nd1 Bh2 40.Nf2 Rh7 41.Rc1 Bf5
42.Bb4 Qd8 43.Bxd6+ Ka8 44.Qf3 Ka7 45.a3 Qa8 46.Bc5+ Kb8 47.Bb6 Bf4 48.
Qxf4 a5 49.Qe3 Qa6 50.d5 exd5 51.Qc5 Rh8 52.e6 1-0

[Event "53rd World U20 ch"]
[Site "Pune IND"]
[Date "2014.10.09"]
[Round "4.37"]
[White "Ajay Krishna, S"]
[Black "Von Meijenfeldt, Bart"]
[Result "0-1"]
[WhiteElo "2072"]
[BlackElo "2354"]
[EventDate "2014.10.06"]
[PlyCount "72"]

1.d4 Nf6 2.Nf3 g6 3.g3 Bg7 4.Bg2 O-O 5.O-O d6 6.c4 Nc6 7.Nc3 a6 8.d5 Na5 
9.Nd2 c5 10.Qc2 b5 11.cxb5 axb5 12.Nxb5 Qb6 13.Nc3 Bf5 14.e4 Bc8 15.e5 Bf5
16.Qa4 dxe5 17.d6 Bd7 18.Qh4 exd6 19.Bxa8 Rxa8 20.Nde4 Nxe4 21.Nxe4 d5 22.
Rd1 Qc6 23.Nd2 e4 24.Qf4 Qe6 25.Qc7 Nc6 26.Nxe4 Nd4 27.Ng5 Qf5 28.Be3 h6 
29.Qxc5 Rc8 30.Qd6 Ne2+ 31.Kf1 Bb5 32.Ke1 d4 33.Bxd4 Nxd4 34.Rxd4 hxg5 35.
Rd2 Qe4+ 36.Kd1 Qh1# 0-1